000
00287nam a22001337a 4500
008
170525b xxu||||| |||| 00| 0 eng d
020
_a
9781568810119
041
_a
eng
080
_a
007.52
100
_a
26
101
_a
IM
245
_a
MOBILE ROBOTS
_c
JONES.J.L
942
_2
udc
_c
BK
999
_c
14274
_d
14274